Deendayal Upadhyaya 100 inspirational Stories/ (Record no. 174299)

MARC details
000 -LEADER
fixed length control field 00610nam a22002177a 4500
005 - DATE AND TIME OF LATEST TRANSACTION
control field 20200602162351.0
010 ## - LCCN (DPL NO)
LC control number ENG-128169
020 ## - INTERNATIONAL STANDARD BOOK NUMBER
Terms of availability 225.00
International Standard Book Number 9789353227029
035 ## - SYSTEM CONTROL NUMBER
System control number EN-111701
037 ## - SOURCE OF ACQUISITION
Source of stock number/acquisition DBAD/PUB
082 ## - DEWEY DECIMAL CLASSIFICATION NUMBER
Classification number 920
100 ## - MAIN ENTRY--PERSONAL NAME
Personal name Saini,Renu
245 ## - TITLE STATEMENT
Title Deendayal Upadhyaya 100 inspirational Stories/
Statement of responsibility, etc by Renu Saini
260 ## - PUBLICATION, DISTRIBUTION, ETC. (IMPRINT)
Place of publication, distribution, etc New Delhi
Name of publisher, distributor, etc Prabhat Prakashan
Date of publication, distribution, etc 2019
270 ## - ADDRESS
Address 4/19 Asaf Ali Road
City New Delhi
Postal code 110002
300 ## - PHYSICAL DESCRIPTION
Extent 208p.
Dimensions 23cm(hb)
700 ## - ADDED ENTRY--PERSONAL NAME
Personal name Pandey,Nutan
700 ## - ADDED ENTRY--PERSONAL NAME
Personal name Narayan Kumar
700 ## - ADDED ENTRY--PERSONAL NAME
Personal name Mudgal,Anup K.
942 ## - ADDED ENTRY ELEMENTS (KOHA)
Source of classification or shelving scheme Dewey Decimal Classification
Item type English Books
Classification part 920
Call number suffix SAI
Holdings
Withdrawn status Lost status Not for loan Collection code Home library Current library Date acquired Source of acquisition Cost, normal purchase price Full call number Barcode Copy number Cost, replacement price Koha item type
      Non-fiction Central Library Central Library 02/06/2020 DBAD/PUB 400.00 920 SAI EN-111701 1 400.00 English Books

© Delhi Public Library
Hit Counter
free hit counter